| 000 | 00487nam a22001697a 4500 | ||
|---|---|---|---|
| 003 | OSt | ||
| 005 | 20140310182212.0 | ||
| 008 | 130906t xxu||||| |||| 00| 0 eng d | ||
| 020 | _a9780754800712 | ||
| 050 |
_aTX 723.5 _b.As841 1993 |
||
| 082 |
_aHS 641.568 _bAs66 1993 |
||
| 245 |
_aThe practical encyclopedia of East European cooking _c Catherine Atkinson |
||
| 260 |
_aLondon : _b Lorenz Books, _cc1999. |
||
| 300 |
_a255 p. : _bill. ; _c30 cm. |
||
| 942 |
_2lcc _cHS |
||
| 999 |
_c10491 _d10491 |
||